Statistics for Top 20 Words Starting with LA

Click here to take the quiz!

General Stats

  • This quiz has been taken 691 times
  • The average score is 11 of 20

Answer Stats

freqlettersword% Correct
5024late
91%
7714last
90%
5883law
89%
2053lay
85%
4604land
78%
914lake
76%
1454lack
75%
1555laugh
75%
984lane
73%
3955later
71%
4175/6labo(u)r
59%
686lawyer
55%
8085large
51%
2274lady
48%
786latter
34%
4098language
27%
766larger
20%
1196launch
15%
737largely
13%
749landscape
12%

Score Distribution

Percentile by Number Answered

Percent of People with Each Score

Your Score History

You have not taken this quiz